Liberalismo y nacionalismo (Record no. 189785)

MARC details
000 -LEADER
campo de control de longitud fija 00872nam a2200229 i 4500
001 - NÚMERO DE CONTROL
campo de control 189785
003 - IDENTIFICADOR DE NÚMERO DE CONTROL
campo de control ES-MaACL
005 - FECHA Y HORA DE LA ÚLTIMA TRANSACCIÓN
campo de control 20250815004217.0
008 - DATOS DE LONGITUD FIJA--INFORMACIÓN GENERAL
campo de control de longitud fija 191126s1934 sp ab |||| | spa d
245 00 - MENCIÓN DEL TÍTULO
Título Liberalismo y nacionalismo
Resto del título : (1848-1890) /
Mención de responsabilidad, etc. por Alfred Stern, Friedrich Luckwaldt, Heinrich Herkner, Walter Goetz ; vesión española de Manuel García Morente.
260 ## - PUBLICACIÓN, DISTRIBUCIÓN, ETC.
Lugar de publicación, distribución, etc. Madrid :
Nombre del editor, distribuidor, etc. Espasa-Calpe,
Fecha de publicación, distribución, etc. 1934.
300 ## - DESCRIPCIÓN FÍSICA
Extensión XVI, 718 p., [30] h. (algunas pleg.) :
Otras características físicas il., mapas ;
Dimensiones 27 cm.
650 #7 - PUNTO DE ACCESO ADICIONAL DE MATERIA--TÉRMINO DE MATERIA
Término de materia o nombre geográfico como elemento de entrada Historia contemporánea
Fuente del encabezamiento o término embne
9 (RLIN) 13393
700 1# - ENTRADA AGREGADA--NOMBRE PERSONAL
Nombre de persona Stern, Alfred.
9 (RLIN) 108120
700 1# - ENTRADA AGREGADA--NOMBRE PERSONAL
Nombre de persona Luckwaldt, Friedrich.
9 (RLIN) 168692
700 1# - ENTRADA AGREGADA--NOMBRE PERSONAL
Nombre de persona Herkner, Heinrich.
9 (RLIN) 168691
700 1# - ENTRADA AGREGADA--NOMBRE PERSONAL
Nombre de persona Goetz, Walter,
Fechas asociadas al nombre 1867-1958
9 (RLIN) 57579
700 1# - ENTRADA AGREGADA--NOMBRE PERSONAL
Nombre de persona García Morente, Manuel,
Fechas asociadas al nombre 1886-1942
9 (RLIN) 55002
852 ## - LOCALIZACIÓN
Ubicación ES-MaACL
Número de control de estantería F-15086
942 ## - ELEMENTOS DE ENTRADA SECUNDARIOS (KOHA)
Fuente del sistema de clasificación o colocación Clasificación decimal universal
Holdings
Estatus retirado Estado de pérdida Estado de daño No para préstamo Biblioteca de origen Biblioteca actual Ubicación en estantería Fecha de adquisición Fuente de adquisición Total de préstamos Signatura topográfica completa Código de barras Visto por última vez Precio de reemplazo Tipo de ítem Koha
        Biblioteca del Ateneo de Madrid Biblioteca del Ateneo de Madrid Sala Pecera Planta 2 26/11/2019     F-15086 1201296 23/02/2023 23/02/2023 Libro impreso